[Event "TCh-RUS Rapid 2017"]
[Site "Sochi RUS"]
[Date "2017.10.04"]
[Round "8.7"]
[Board "4"]
[White "Utnasunov, Alexander"]
[Black "Chekletsov, Egor"]
[Result "1-0"]
[WhiteElo "2446"]
[BlackElo "1970"]
[WhiteTeam "AQ (Krasnodar Territory)"]
[BlackTeam "USSR (Sverdlovsk region)"]
[WhiteFideId "4134524"]
[BlackFideId "24175315"]
[EventDate "2017.10.03"]

1. d4 Nf6 2. c4 c5 3. d5 g6 4. Nc3 d6 5. e4 Bg7 6. Nge2 O-O 7. Ng3 e6 8. Be2
exd5 9. cxd5 Na6 10. O-O Nc7 11. a4 b6 12. Bg5 h6 13. Be3 Ba6 14. f4 Bxe2 15.
Qxe2 Re8 16. Rad1 a6 17. Qf3 h5 18. e5 Ng4 19. Nge4 dxe5 20. f5 gxf5 21. Qxf5
Qh4 22. Rf3 Qxh2+ 23. Kf1 Qh1+ 24. Ke2 Qxg2+ 25. Bf2 Nxf2 26. Qxf7+ Kh8 27.
Qxh5+ Kg8 28. Rxf2 1-0

[Event "TCh-RUS Rapid 2017"]
[Site "Sochi RUS"]
[Date "2017.10.04"]
[Round "8.8"]
[Board "1"]
[White "Goryachkina, Aleksandra"]
[Black "Tekeyev, Zaur"]
[Result "1-0"]
[WhiteTitle "WGM"]
[BlackTitle "FM"]
[WhiteElo "2478"]
[BlackElo "2380"]
[WhiteTeam "YAMAL (YANAO)"]
[BlackTeam "Stavropol region"]
[WhiteFideId "4147103"]
[BlackFideId "4199731"]
[EventDate "2017.10.03"]

1. e4 c5 2. Nf3 Nc6 3. Bb5 g6 4. Bxc6 dxc6 5. d3 Bg7 6. h3 Nf6 7. Nc3 O-O 8. Be3
b6 9. Qd2 e5 10. O-O-O Qd6 11. g4 a5 12. a4 Re8 13. Qe2 Be6 14. Nd2 Reb8 15. Nc4
Qc7 16. Na3 Bd7 17. Rdg1 b5 18. Nab1 c4 19. dxc4 b4 20. Nd1 c5 21. b3 Nxe4 22.
f3 Nd6 23. h4 f5 24. gxf5 Nxf5 25. h5 Ra6 26. hxg6 hxg6 27. Nd2 e4 28. fxe4 Nxe3
29. Qxe3 Qe5 30. Qg3 Qxg3 31. Rxg3 Re8 32. Ne3 Be5 33. Rg2 Bf4 34. Re2 Kg7 35.
Nd5 Bg4 36. Nxf4 Bxe2 37. Nxe2 Rf6 38. Rg1 Rf2 39. Ng3 Kf6 40. e5+ Kg7 41. Nge4
Re2 42. Nxc5 R8xe5 43. Nd3 Rf5 44. c5 g5 45. Nc4 Kh6 46. Nxa5 Kh5 47. Nc4 g4 48.
a5 Kh4 49. a6 Rf7 50. Rxg4+ 1-0

[Event "TCh-RUS Rapid 2017"]
[Site "Sochi RUS"]
[Date "2017.10.04"]
[Round "8.8"]
[Board "2"]
[White "Nechaev, Oleg"]
[Black "Potapov, Pavel"]
[Result "0-1"]
[WhiteTitle "FM"]
[BlackTitle "GM"]
[WhiteElo "2410"]
[BlackElo "2479"]
[WhiteTeam "Stavropol region"]
[BlackTeam "YAMAL (YANAO)"]
[WhiteFideId "24113409"]
[BlackFideId "4169786"]
[EventDate "2017.10.03"]

1. c4 f5 2. Nc3 Nf6 3. g3 g6 4. Bg2 Bg7 5. d3 d6 6. e4 fxe4 7. dxe4 Nc6 8. Nge2
O-O 9. O-O e5 10. h3 Be6 11. Nd5 Qd7 12. Kh2 Nd4 13. Nxd4 exd4 14. Bg5 c5 15.
Nxf6+ Bxf6 16. Bxf6 Rxf6 17. Qd3 Qf7 18. b3 Rxf2 19. Rxf2 Qxf2 20. Rf1 Qxa2 21.
Qf3 Re8 22. e5 Qa6 23. exd6 Qxd6 24. Qxb7 Qd7 25. Qf3 Bf5 26. Qf4 Qe7 27. Qh6
Qg7 28. Qf4 Qe5 29. Qh6 d3 30. Rf2 Qe3 31. Bd5+ Kh8 32. Qxe3 Rxe3 33. g4 Re2 34.
Kg3 d2 35. Rxe2 d1=Q 36. Re8+ Kg7 37. gxf5 gxf5 38. Re7+ Kf6 39. Re6+ Kg7 40.
Re7+ Kf8 41. Rxh7 Qxb3+ 42. Kf4 a5 43. Ke5 f4 44. Rf7+ Ke8 45. Rxf4 Qxh3 46.
Bc6+ Ke7 47. Re4 Qh5+ 48. Kf4+ Kd6 49. Bb5 Qd1 50. Re8 Qf1+ 51. Ke3 Qf6 52. Ra8
Qc3+ 53. Ke4 Qd4+ 54. Kf3 Qd1+ 55. Ke3 Qg1+ 56. Kf4 0-1

[Event "TCh-RUS Rapid 2017"]
[Site "Sochi RUS"]
[Date "2017.10.04"]
[Round "8.8"]
[Board "3"]
[White "Belyakov, Bogdan"]
[Black "Rozhko, Dmitry"]
[Result "1/2-1/2"]
[WhiteTitle "IM"]
[BlackTitle "FM"]
[WhiteElo "2486"]
[BlackElo "2311"]
[WhiteTeam "YAMAL (YANAO)"]
[BlackTeam "Stavropol region"]
[WhiteFideId "24104795"]
[BlackFideId "4150430"]
[EventDate "2017.10.03"]

1. e4 e6 2. d4 d5 3. Nc3 dxe4 4. Nxe4 Bd7 5. Nf3 Bc6 6. Bd3 Nd7 7. O-O Ngf6 8.
Neg5 Bd6 9. Qe2 h6 10. Nh3 Bxf3 11. Qxf3 c6 12. Nf4 O-O 13. Nh5 Nxh5 14. Qxh5
Qf6 15. c3 Bf4 16. Re1 Rad8 17. Be4 Bxc1 18. Raxc1 Qf4 19. Qe2 Nf6 20. Bf3 Rd6
21. Qe5 Nd5 22. Qe2 Rfd8 23. g3 Qf6 24. Bg2 g6 25. Rcd1 Kg7 26. Rd3 h5 27. h4
R6d7 28. a3 Qe7 29. Qe5+ Qf6 30. Qe2 Qe7 31. Rf3 Qd6 32. Qd2 b5 33. Qg5 a5 34.
Bf1 Kg8 35. Bd3 Qe7 36. Qh6 Qf8 37. Qc1 Qg7 38. Re5 Ne7 39. Bc2 Rd5 40. Re1 b4
41. axb4 axb4 42. Qa1 bxc3 43. bxc3 c5 44. Be4 R5d7 45. dxc5 Rc7 46. Rd1 Rdc8
47. Rfd3 Rxc5 48. Rd8+ Kh7 49. Qa7 R5c7 50. Qa5 Rc5 51. Qa4 Nd5 52. Rxc8 Rxc8
53. Bxd5 exd5 54. Rxd5 Rxc3 55. Qf4 Rc6 56. Rd7 Rf6 57. Qd4 1/2-1/2

[Event "TCh-RUS Rapid 2017"]
[Site "Sochi RUS"]
[Date "2017.10.04"]
[Round "8.8"]
[Board "4"]
[White "Zaichikov, Andrey"]
[Black "Savitskiy, Sergey"]
[Result "0-1"]
[BlackTitle "IM"]
[WhiteElo "2202"]
[BlackElo "2412"]
[WhiteTeam "Stavropol region"]
[BlackTeam "YAMAL (YANAO)"]
[WhiteFideId "24176591"]
[BlackFideId "24105660"]
[EventDate "2017.10.03"]

1. e4 c5 2. Nf3 d6 3. d3 Nc6 4. g3 g6 5. Bg2 Bg7 6. O-O Nf6 7. Nc3 O-O 8. h3 Rb8
9. a4 a6 10. Be3 Ne8 11. Nh2 Nd4 12. Nd5 e6 13. Nf4 b5 14. c3 Nc6 15. axb5 axb5
16. Qd2 b4 17. d4 Na5 18. Qe2 Nb3 19. Rad1 bxc3 20. bxc3 Qa5 21. Qc2 Ba6 22.
Rfe1 cxd4 23. cxd4 Nxd4 24. Bxd4 Bxd4 25. Qc1 Bg7 26. Ng4 h5 27. Ne3 h4 28. Ne2
hxg3 29. fxg3 Bh6 30. Kh2 Nf6 31. Qd2 0-1

[Event "TCh-RUS Rapid 2017"]
[Site "Sochi RUS"]
[Date "2017.10.04"]
[Round "9.1"]
[Board "2"]
[White "Artemiev, Vladislav"]
[Black "Morozevich, Alexander"]
[Result "1-0"]
[WhiteTitle "GM"]
[BlackTitle "GM"]
[WhiteElo "2696"]
[BlackElo "2665"]
[WhiteTeam "Rook (Republic of Tatarstan)"]
[BlackTeam "Fighters for the Idea (Moscow)"]
[WhiteFideId "24101605"]
[BlackFideId "4116992"]
[EventDate "2017.10.03"]

1. d4 e6 2. Nf3 Nf6 3. Bg5 h6 4. Bh4 d6 5. Nbd2 g5 6. Bg3 Nh5 7. e3 Bg7 8. Bd3
Nd7 9. c3 f5 10. Qb3 Qe7 11. O-O-O O-O 12. Rde1 c5 13. h3 Nxg3 14. fxg3 d5 15.
Qa3 e5 16. dxe5 Nxe5 17. Nxe5 Bxe5 18. g4 fxg4 19. hxg4 Kg7 20. Rxh6 1-0

[Event "TCh-RUS Rapid 2017"]
[Site "Sochi RUS"]
[Date "2017.10.04"]
[Round "9.1"]
[Board "3"]
[White "Savchenko, Boris"]
[Black "Timofeev, Artyom"]
[Result "1/2-1/2"]
[WhiteTitle "GM"]
[BlackTitle "GM"]
[WhiteElo "2585"]
[BlackElo "2549"]
[WhiteTeam "Fighters for the Idea (Moscow)"]
[BlackTeam "Rook (Republic of Tatarstan)"]
[WhiteFideId "4147332"]
[BlackFideId "4140419"]
[EventDate "2017.10.03"]

1. e4 c5 2. Nf3 Nc6 3. d4 cxd4 4. Nxd4 g6 5. c4 Nf6 6. Nc3 Nxd4 7. Qxd4 d6 8. f3
Bg7 9. Be3 O-O 10. Qd2 Be6 11. Be2 Qa5 12. Rc1 Rfc8 13. b3 a6 14. Na4 Qxd2+ 15.
Kxd2 Nd7 16. g4 f5 17. exf5 gxf5 18. h3 Rf8 19. Rhe1 Rad8 20. Nc3 d5 21. cxd5
Nf6 22. Bb6 Rd7 23. Bd3 Bxd5 24. Bxf5 e6 25. Bd3 Bxf3 26. Kc2 Nd5 27. Nxd5 Bxd5
28. Rcd1 Rf3 29. Re3 Rd6 30. Rxf3 Rc6+ 31. Bc4 Bxf3 32. Rd8+ Bf8 33. Be3 b5 34.
Bh6 Be4+ 35. Kc3 Kf7 36. Bxf8 bxc4 37. b4 Bg2 38. h4 Bh3 39. g5 Kg6 40. Bc5 Kh5
41. a4 a5 42. Kxc4 Bf1+ 43. Kc3 Kxh4 44. Rf8 Ba6 45. Rg8 e5 46. Rg7 axb4+ 47.
Kxb4 Rg6 48. Rxg6 hxg6 49. Be3 Kg4 50. Kc5 Kf3 51. Bc1 e4 52. Kd4 Bf1 53. a5 Be2
54. Ke5 Bd3 55. Kd4 Bf1 56. Bd2 Ba6 1/2-1/2

[Event "TCh-RUS Rapid 2017"]
[Site "Sochi RUS"]
[Date "2017.10.04"]
[Round "9.1"]
[Board "4"]
[White "Hasangatin, Ramil"]
[Black "Bocharov, Dmitry"]
[Result "1/2-1/2"]
[WhiteTitle "GM"]
[BlackTitle "GM"]
[WhiteElo "2502"]
[BlackElo "2585"]
[WhiteTeam "Rook (Republic of Tatarstan)"]
[BlackTeam "Fighters for the Idea (Moscow)"]
[WhiteFideId "4122160"]
[BlackFideId "4138716"]
[EventDate "2017.10.03"]

1. e4 g6 2. d4 Bg7 3. Nf3 d6 4. c3 Nf6 5. Bd3 O-O 6. O-O Nc6 7. Re1 e5 8. dxe5
dxe5 9. Bg5 h6 10. Bh4 g5 11. Bg3 Nh5 12. Bb5 Nxg3 13. hxg3 Bd7 14. Nbd2 Qe7 15.
Bd3 Rad8 16. Qe2 Be6 17. Nf1 Qc5 18. Ne3 Ne7 19. Red1 a5 20. Bc4 Bc8 21. Rxd8
Rxd8 22. Rd1 Rd6 23. Rxd6 Qxd6 24. Qc2 c6 25. Qb3 a4 26. Qb6 Bf6 27. Bf1 Kg7 28.
g4 Ng8 29. Nc4 Qe7 30. Ne3 Qd6 31. Nc4 Qe6 32. Qc7 b5 33. Ncxe5 Ne7 34. a3 h5
35. Nd3 Qxe4 36. gxh5 g4 37. Nd4 Qd5 38. Qf4 Qxh5 39. Be2 Nd5 40. Qe4 Bd7 41. g3
Qg6 42. Qxg6+ Kxg6 43. Nc5 Bxd4 44. Nxd7 Bg7 45. Bxg4 Ne7 46. Bf3 Kf5 47. Nb8 c5
48. Na6 c4 49. Nc7 Bh6 50. Nxb5 Ke5 51. Bd1 Bc1 52. Bxa4 Bxb2 53. Bd1 Nd5 54.
Be2 Nb6 55. a4 Nxa4 56. Bxc4 f6 57. Bb3 Nxc3 58. Nxc3 1/2-1/2

[Event "TCh-RUS Rapid 2017"]
[Site "Sochi RUS"]
[Date "2017.10.04"]
[Round "9.2"]
[Board "1"]
[White "Jakovenko, Dmitry"]
[Black "Alekseenko, Kirill"]
[Result "1-0"]
[WhiteTitle "GM"]
[BlackTitle "GM"]
[WhiteElo "2710"]
[BlackElo "2563"]
[WhiteTeam "Ugra (Khanty-Mansi Autonomous District)"]
[BlackTeam "SDYUSSHOR ShSh (St. Petersburg)"]
[WhiteFideId "4122356"]
[BlackFideId "4135539"]
[EventDate "2017.10.03"]

1. e4 c5 2. Nf3 Nc6 3. Nc3 d6 4. d4 cxd4 5. Nxd4 Nf6 6. Bg5 e6 7. Qd2 a6 8.
O-O-O Bd7 9. f4 b5 10. Bxf6 gxf6 11. Kb1 Qb6 12. Nce2 Be7 13. f5 Qc5 14. Nxc6
Bxc6 15. Nd4 Bd7 16. c3 h5 17. Be2 a5 18. Bf3 Rb8 19. Qe2 b4 20. c4 e5 21. Nb5
Bxb5 22. cxb5 Qxb5 23. Bxh5 Qxe2 24. Bxe2 Rc8 25. Rd5 Rc5 26. Rxc5 dxc5 27. Bc4
Bf8 28. Kc2 Bh6 29. Kb3 Be3 30. Ka4 Bd4 31. b3 Rh4 32. Bd5 Rf4 33. Kxa5 Rf2 34.
h4 Rxa2+ 35. Kb5 Rxg2 36. h5 Rg7 37. Kc6 Ke7 38. Rh2 Rh7 39. Bc4 Kf8 40. Kd6 Rh6
41. Rh4 Rh8 42. Rh3 Rh6 43. Rh2 Rh8 44. h6 Be3 45. Ra2 Rxh6 46. Ra8+ Kg7 47. Ra7
Rh4 48. Rxf7+ Kh8 49. Rxf6 Rxe4 50. Rf8+ Kg7 51. Ke7 Bg5+ 52. f6+ Kh6 53. Bd3 1-0

[Event "TCh-RUS Rapid 2017"]
[Site "Sochi RUS"]
[Date "2017.10.04"]
[Round "9.2"]
[Board "2"]
[White "Alekseev, Evgeny"]
[Black "Khismatullin, Denis"]
[Result "0-1"]
[WhiteTitle "GM"]
[BlackTitle "GM"]
[WhiteElo "2622"]
[BlackElo "2628"]
[WhiteTeam "SDYUSSHOR ShSh (St. Petersburg)"]
[BlackTeam "Ugra (Khanty-Mansi Autonomous District)"]
[WhiteFideId "4138147"]
[BlackFideId "4142578"]
[EventDate "2017.10.03"]

1. e4 c5 2. Nf3 e6 3. d4 cxd4 4. Nxd4 a6 5. Be2 Nf6 6. Nc3 Qc7 7. O-O Nc6 8. Be3
Bd6 9. g3 Be7 10. f4 h5 11. h3 d6 12. Nb3 b5 13. a3 b4 14. axb4 Nxb4 15. Bf3 e5
16. Bg2 Rb8 17. Rf2 O-O 18. f5 d5 19. Nxd5 Nbxd5 20. exd5 Rd8 21. Rc1 e4 22. c4
Qxg3 23. Rc3 Bd6 24. Kf1 Qh2 25. Nd4 Bd7 26. Bg5 Qe5 27. c5 Nxd5 28. cxd6 f6 29.
Bc1 Nxc3 30. bxc3 Rb1 31. Re2 e3 32. Re1 Bxf5 33. Qf3 Bd3+ 34. Kg1 Rxd6 35. h4
a5 36. Qa8+ Kh7 37. Qf3 a4 38. Ne2 a3 39. Nf4 Bc2 40. Rxe3 Rxc1+ 41. Kh2 Qf5 0-1

[Event "TCh-RUS Rapid 2017"]
[Site "Sochi RUS"]
[Date "2017.10.04"]
[Round "9.2"]
[Board "3"]
[White "Pridorozhni, Aleksei"]
[Black "Usmanov, Vasily"]
[Result "1-0"]
[WhiteTitle "GM"]
[BlackTitle "IM"]
[WhiteElo "2565"]
[BlackElo "2463"]
[WhiteTeam "Ugra (Khanty-Mansi Autonomous District)"]
[BlackTeam "SDYUSSHOR ShSh (St. Petersburg)"]
[WhiteFideId "4127870"]
[BlackFideId "4135741"]
[EventDate "2017.10.03"]

1. e4 e6 2. d4 d5 3. Nc3 Nf6 4. Bg5 dxe4 5. Nxe4 Nbd7 6. Nf3 Be7 7. Nxf6+ Bxf6
8. h4 c5 9. c3 cxd4 10. Bxf6 Nxf6 11. Qxd4 Qxd4 12. Nxd4 a6 13. g3 Bd7 14. Bg2
O-O-O 15. O-O-O e5 16. Nb3 Kc7 17. Rhe1 Rhe8 18. Nc5 Bc6 19. Bxc6 Kxc6 20. Nd3
e4 21. Ne5+ Kc7 22. Rxd8 Rxd8 23. Nxf7 Re8 24. Ng5 h6 25. Nh3 Re5 26. Kd2 Ng4
27. Ke2 g5 28. hxg5 hxg5 29. Rd1 Rb5 30. b4 Re5 31. c4 b5 32. c5 a5 33. a3 axb4
34. axb4 Nf6 35. Ke3 Ng4+ 36. Kd4 Kc6 37. Ra1 e3 38. Ra6+ Kc7 39. fxe3 Rxe3 40.
Nxg5 Rb3 41. Kd5 Ne3+ 42. Ke4 Nf1 43. Ne6+ Kd7 44. Nd4 Rxb4 45. Ra7+ Kc8 46. Kd5
Ra4 47. Nxb5 Rxa7 48. Nxa7+ Kb7 49. c6+ Kxa7 50. Kd6 Nxg3 51. c7 Nf5+ 52. Kd7 1-0

[Event "TCh-RUS Rapid 2017"]
[Site "Sochi RUS"]
[Date "2017.10.04"]
[Round "9.2"]
[Board "4"]
[White "Palchun, Grigory"]
[Black "Iljiushenok, Ilia"]
[Result "1/2-1/2"]
[BlackTitle "IM"]
[WhiteElo "2441"]
[BlackElo "2519"]
[WhiteTeam "SDYUSSHOR ShSh (St. Petersburg)"]
[BlackTeam "Ugra (Khanty-Mansi Autonomous District)"]
[WhiteFideId "24147338"]
[BlackFideId "24105074"]
[EventDate "2017.10.03"]

1. d4 Nf6 2. Bf4 g6 3. Nf3 Bg7 4. e3 O-O 5. Be2 c5 6. c3 cxd4 7. exd4 d6 8. O-O
Nc6 9. Nbd2 Nd5 10. Bg3 e5 11. Nc4 Re8 12. a4 Nf4 13. Bxf4 exf4 14. Re1 d5 15.
Nce5 Bf5 16. Bd3 Qf6 17. Bxf5 Qxf5 18. Qb3 Bxe5 19. dxe5 Nxe5 20. Qxd5 Rad8 21.
Qxb7 Rb8 22. Qd5 Nxf3+ 23. Qxf3 Rxe1+ 24. Rxe1 Rxb2 25. h3 a5 26. Re8+ Kg7 27.
Re4 g5 28. Qd3 Qc5 29. Rd4 h6 30. h4 Ra2 31. hxg5 hxg5 32. Qf3 Ra1+ 33. Kh2 Qf5
34. Rd5 Qh7+ 35. Qh3 Qxh3+ 36. Kxh3 Rxa4 37. Rxg5+ Kf6 1/2-1/2

[Event "TCh-RUS Rapid 2017"]
[Site "Sochi RUS"]
[Date "2017.10.04"]
[Round "9.3"]
[Board "2"]
[White "Andreikin, Dmitry"]
[Black "Linker, Mikhail"]
[Result "1-0"]
[WhiteTitle "GM"]
[WhiteElo "2705"]
[BlackElo "2269"]
[WhiteTeam "Sima-Land Urals"]
[BlackTeam "Crimea (Republic of Crimea)"]
[WhiteFideId "4158814"]
[BlackFideId "14101734"]
[EventDate "2017.10.03"]

1. d4 Nf6 2. Bg5 Ne4 3. Bf4 c5 4. f3 Qa5+ 5. c3 Nf6 6. d5 d6 7. e4 Nbd7 8. Na3
g6 9. Qd2 Bg7 10. Bh6 Bxh6 11. Qxh6 Ne5 12. Nc4 Nxc4 13. Bxc4 b5 14. Bd3 b4 15.
c4 Bd7 16. Ne2 O-O-O 17. O-O Qb6 18. a3 b3 19. Nc3 Rdg8 20. Qe3 h5 21. Rae1 h4
22. e5 dxe5 23. Qxe5 Re8 24. Ne4 Rh5 25. Qc3 Nxe4 26. fxe4 h3 27. g3 f6 28. e5
Rxe5 29. Bxg6 Rxe1 30. Rxe1 Rg8 31. Bf7 Rf8 32. Be6 Kd8 33. Bxd7 Kxd7 34. Qe3
Re8 35. Qh6 Qa5 36. Qxh3+ Kd8 37. Re2 Qa6 38. Qg4 f5 39. Qf4 Qf6 40. Qb8+ Kd7
41. Qxa7+ Kd8 42. Qxc5 Rg8 43. Re6 Qg5 44. d6 Qc1+ 45. Kf2 Qxb2+ 46. Re2 Rh8 1-0

[Event "TCh-RUS Rapid 2017"]
[Site "Sochi RUS"]
[Date "2017.10.04"]
[Round "9.3"]
[Board "3"]
[White "Jary, Sergey"]
[Black "Riazantsev, Alexander"]
[Result "0-1"]
[BlackTitle "GM"]
[WhiteElo "2297"]
[BlackElo "2666"]
[WhiteTeam "Crimea (Republic of Crimea)"]
[BlackTeam "Sima-Land Urals"]
[WhiteFideId "14110350"]
[BlackFideId "4125029"]
[EventDate "2017.10.03"]

1. d4 Nf6 2. Nf3 d5 3. Bf4 c5 4. e3 Nc6 5. c3 Bg4 6. Qb3 Qc8 7. Ne5 Bd7 8. Nxd7
Qxd7 9. Bb5 e6 10. Nd2 a6 11. Bxc6 Qxc6 12. O-O Be7 13. dxc5 Bxc5 14. c4 O-O 15.
cxd5 Nxd5 16. Bg3 Rfc8 17. Rac1 Qb5 18. Qxb5 axb5 19. Nb3 Be7 20. Rxc8+ Rxc8 21.
Rc1 Rc4 22. Rxc4 bxc4 23. Na5 b5 24. Nc6 Bf6 25. e4 c3 26. bxc3 Nxc3 27. f3 Nxa2
28. e5 Bg5 29. f4 Bh6 30. Kf2 g6 31. Nd4 Nc3 32. Kf3 b4 33. Be1 Nd5 34. g3 Bf8
35. Nb3 Be7 36. Ke4 Kf8 37. Bd2 Ke8 38. g4 Bd8 39. f5 Bb6 40. h4 h5 41. fxg6
fxg6 42. gxh5 gxh5 43. Bg5 Kd7 44. Kd3 Bf2 45. Kc4 Kc6 46. Bd2 Bxh4 47. Nd4+ Kd7
48. Bxb4 Bg3 49. Nf3 h4 50. Bc5 Nf4 51. Bg1 Ke7 52. Kd4 Kf7 53. Ke4 Nh3 54. Be3
Kg6 55. Nd4 Kf7 56. Nf3 Kg6 57. Nd4 Ng5+ 58. Bxg5 Kxg5 59. Nxe6+ Kg4 60. Nd4 h3
61. Nf3 Bf2 62. e6 Bc5 63. Kd5 Be7 64. Ke4 Kg3 65. Ke3 Bc5+ 66. Ke2 Bf8 67. Ke3
Be7 68. Ke2 Bc5 69. e7 Bxe7 70. Kf1 Bc5 71. Ng1 h2 72. Ne2+ Kf3 0-1

[Event "TCh-RUS Rapid 2017"]
[Site "Sochi RUS"]
[Date "2017.10.04"]
[Round "9.3"]
[Board "4"]
[White "Rublevsky, Sergei"]
[Black "Chos, Alexey"]
[Result "1-0"]
[WhiteTitle "GM"]
[BlackTitle "IM"]
[WhiteElo "2683"]
[BlackElo "2317"]
[WhiteTeam "Sima-Land Urals"]
[BlackTeam "Crimea (Republic of Crimea)"]
[WhiteFideId "4115309"]
[BlackFideId "14117762"]
[EventDate "2017.10.03"]

1. e4 c5 2. Nf3 d6 3. d4 cxd4 4. Nxd4 Nf6 5. Nc3 a6 6. Bc4 e6 7. Bb3 Nc6 8. Be3
Qc7 9. f4 Na5 10. O-O Be7 11. g4 Nc4 12. Bxc4 Qxc4 13. g5 Nd7 14. f5 Ne5 15. f6
Bf8 16. Nf3 Nxf3+ 17. Qxf3 g6 18. Rad1 h6 19. gxh6 Bd7 20. Rd4 Qc7 21. Rfd1 Bc6
22. Nd5 Bxd5 23. exd5 e5 24. Rh4 Qd7 25. c4 Rc8 26. b3 Rh7 27. Qh3 Qxh3 28. Rxh3
Kd7 29. Rh4 Rc7 30. Kg2 Rc8 31. Kf3 Re8 32. Ke4 Rc8 33. Rc1 Rc7 34. b4 Rc8 35.
Rh3 Rc7 36. Bg5 b6 37. Be3 Rb7 38. Rc3 Kc7 39. Ra3 Ra7 40. Rb3 Rb7 41. a4 Kd7
42. Bd2 Kc7 43. a5 bxa5 44. bxa5 Rxb3 45. Rxb3 Rh8 46. c5 dxc5 47. Rb6 c4 48.
Kxe5 c3 49. Be3 c2 50. Rc6+ Kd7 51. Bb6 c1=Q 52. Rxc1 Bd6+ 53. Ke4 Rxh6 54. Rc6
Rh4+ 55. Kd3 Rh3+ 56. Ke4 Rh4+ 57. Kf3 Rf4+ 58. Ke2 Rxf6 59. Bd4 Rf5 60. Rxa6
Rxd5 61. Bf2 Bc7 62. Be1 Bxh2 63. Ra7+ Ke6 64. a6 Bg1 65. Ra8 Rd7 66. Bd2 Bd4
67. Rc8 Kd5 68. Re8 Rd6 69. Ra8 Ke4 70. a7 Kf5 71. Rf8 Re6+ 72. Kf3 Bxa7 73.
Rxf7+ Rf6 74. Rxa7 Re6 75. Bc3 g5 76. Ra5+ Kg6 77. Bd2 Rf6+ 78. Kg4 Rd6 79. Bxg5
Rc6 80. Bf4 Kf7 81. Kf5 Rf6+ 82. Ke5 Re6+ 83. Kd5 Rb6 84. Ra7+ Kg6 85. Be5 Rb5+
86. Ke6 Rb6+ 87. Bd6 Rb5 88. Ra8 Rg5 89. Be5 Rg4 90. Rg8+ Kh5 91. Rh8+ Kg6 92.
Rh1 Rg2 93. Rh3 Rg4 94. Rh8 Rg5 95. Bf4 Rg4 96. Ke5 Kf7 97. Kf5 Rg7 98. Ra8 Rh7
99. Bg5 Rg7 100. Bh6 Rh7 101. Ra6 Kg8 102. Kg5 Rd7 103. Kg6 Rg7+ 104. Kf6 Rf7+
105. Ke6 Rb7 106. Be3 Kg7 107. Ra5 Rb3 108. Rg5+ Kh6 109. Rg3+ Kh7 110. Kf7 Rb7+
111. Kf6 Rb3 112. Rg7+ Kh8 113. Re7 Ra3 114. Bd4 Ra6+ 115. Kf7+ Kh7 116. Re4 Rg6
117. Rh4+ Rh6 118. Rg4 Rc6 119. Bf6 Rc7+ 120. Be7 Rc6 121. Rg1 Rb6 122. Rd1 Rg6
123. Bf8 Rg7+ 124. Kf6 Rg6+ 125. Kf5 Rg2 126. Bc5 Rg3 127. Rd7+ Kg8 128. Bd6 Rg7
129. Rd8+ Kh7 130. Be5 Rg8 131. Rd7+ Kh6 132. Bf4+ Kh5 133. Rh7# 1-0

[Event "TCh-RUS Rapid 2017"]
[Site "Sochi RUS"]
[Date "2017.10.04"]
[Round "9.4"]
[Board "1"]
[White "Motylev, Alexander"]
[Black "Rakhmanov, Aleksandr"]
[Result "1/2-1/2"]
[WhiteTitle "GM"]
[BlackTitle "GM"]
[WhiteElo "2675"]
[BlackElo "2654"]
[WhiteTeam "Legends of Moscow (Moscow)"]
[BlackTeam "The team of the Vologda region"]
[WhiteFideId "4121830"]
[BlackFideId "4173708"]
[EventDate "2017.10.03"]

1. e4 c5 2. Nf3 Nf6 3. e5 Nd5 4. Nc3 Nxc3 5. dxc3 Nc6 6. Bf4 Qb6 7. b3 Qc7 8.
Qd2 e6 9. O-O-O h6 10. Qe3 a6 11. Nd2 b5 12. h4 c4 13. Kb1 Bb7 14. Qg3 Ne7 15.
bxc4 Nf5 16. Qh3 Qb6 17. Nb3 bxc4 18. Bxc4 a5 19. Qd3 Bc6 20. Ka1 Ba3 21. Rb1
Qxf2 22. Rhf1 Qxg2 23. Nd2 a4 24. Be3 O-O 25. Rxf5 exf5 26. Rg1 Qxg1+ 27. Bxg1
Rab8 28. Qxf5 Bb2+ 29. Kb1 Ba3+ 30. Ka1 Bb2+ 31. Kb1 Ba3+ 1/2-1/2

[Event "TCh-RUS Rapid 2017"]
[Site "Sochi RUS"]
[Date "2017.10.04"]
[Round "9.4"]
[Board "2"]
[White "Rozum, Ivan"]
[Black "Grachev, Boris"]
[Result "0-1"]
[WhiteTitle "GM"]
[BlackTitle "GM"]
[WhiteElo "2586"]
[BlackElo "2645"]
[WhiteTeam "The team of the Vologda region"]
[BlackTeam "Legends of Moscow (Moscow)"]
[WhiteFideId "24104272"]
[BlackFideId "4129199"]
[EventDate "2017.10.03"]

1. d4 d5 2. c4 e6 3. Nf3 Nf6 4. g3 dxc4 5. Bg2 Bd7 6. Ne5 Bc6 7. Nxc6 Nxc6 8.
O-O Qd7 9. e3 Rd8 10. Qe2 e5 11. Qxc4 exd4 12. exd4 Nxd4 13. Bg5 Be7 14. Nc3 O-O
15. Bxf6 Bxf6 16. Nd5 c6 17. Nxf6+ gxf6 18. Rad1 b5 19. Qd3 c5 20. Kh1 Rfe8 21.
Rd2 Qe6 22. Rfd1 b4 23. b3 Kg7 24. Qb1 Qe5 25. h4 Rd6 26. Qc1 Ne2 27. Qc2 Rxd2
28. Rxd2 Nd4 29. Qd3 Qe1+ 30. Kh2 Re2 31. Rxe2 Qxe2 32. Qxe2 Nxe2 33. Bf1 Nc3
34. Kg2 Nxa2 35. Kf3 Nc3 36. Ke3 Nd5+ 37. Ke4 Nb6 38. Bb5 a5 39. g4 Kf8 40. h5
h6 41. f4 Kg7 42. Bd3 a4 43. bxa4 Nxa4 44. Kd5 c4 45. Bf5 Nb6+ 46. Kc5 b3 47.
Kb4 Kf8 48. Kc3 Ke7 49. Kb4 b2 50. Kc3 Nd5+ 51. Kxb2 Nxf4 52. Kc3 Kd6 53. Kxc4
Ke5 54. Kc5 Nxh5 55. Kc6 Ng3 56. Bc2 f5 57. gxf5 f6 58. Kd7 h5 59. Bd1 0-1

[Event "TCh-RUS Rapid 2017"]
[Site "Sochi RUS"]
[Date "2017.10.04"]
[Round "9.4"]
[Board "3"]
[White "Popov, Ivan RUS"]
[Black "Moiseenko, Vadim"]
[Result "1-0"]
[WhiteTitle "GM"]
[BlackTitle "IM"]
[WhiteElo "2609"]
[BlackElo "2543"]
[WhiteTeam "Legends of Moscow (Moscow)"]
[BlackTeam "The team of the Vologda region"]
[WhiteFideId "4170350"]
[BlackFideId "4123700"]
[EventDate "2017.10.03"]

1. e4 c6 2. Nc3 d5 3. Nf3 Nf6 4. e5 Ne4 5. Ne2 Qb6 6. d4 h6 7. c3 c5 8. dxc5
Qxc5 9. Be3 Qa5 10. Ned4 e6 11. Bd3 Be7 12. O-O Nc6 13. Nxc6 bxc6 14. Nd4 Qc7
15. Qg4 g6 16. Bxe4 dxe4 17. Qxe4 Bb7 18. Nxe6 fxe6 19. Qxg6+ Kf8 20. Bxh6+ Rxh6
21. Qxh6+ Kf7 22. Qh7+ Kf8 23. Rae1 c5 24. Re3 c4 25. Qh8+ Kf7 26. Qh5+ Kf8 27.
Rg3 1-0